Рассказы и повести. Сказки об Италии

Bibliographic Details
Main Author: Горький М. Максим
Summary:В сборник вошли известные рассказы и повести М. Горького: «Макар Чудра», «Старуха Изергиль», «Челкаш», «Песня о Соколе», «Коновалов», «Песня о Буревестнике» и др., а также «Сказки об Италии». Работа снабжена послесловием, адресованным учащимся и поясняющим жанрово-художественную специфику произведений.
Language:Russian
Published: Москва, Просвещение, 1988
Subjects:
Format: Book
KOHA link:https://koha.lib.tpu.ru/cgi-bin/koha/opac-detail.pl?biblionumber=82343

MARC

LEADER 00000nam0a2200000 4500
001 82343
005 20231101213227.0
010 |a 5090003521 
035 |a (RuTPU)RU\TPU\book\88489 
035 |a RU\TPU\book\17355 
090 |a 82343 
100 |a 20051003d1988 m y0rusy50 ca 
101 0 |a rus 
102 |a RU 
105 |a y z 000ay 
200 1 |a Рассказы и повести. Сказки об Италии  |f М. Горький 
210 |a Москва  |c Просвещение  |d 1988 
215 |a 288 с. 
330 |a В сборник вошли известные рассказы и повести М. Горького: «Макар Чудра», «Старуха Изергиль», «Челкаш», «Песня о Соколе», «Коновалов», «Песня о Буревестнике» и др., а также «Сказки об Италии». Работа снабжена послесловием, адресованным учащимся и поясняющим жанрово-художественную специфику произведений. 
610 1 |a русская литература 
610 1 |a рассказы 
610 1 |a повести 
610 1 |a сказки 
610 1 |a Италия 
675 |a Р2  |v 3 
700 1 |a Горький  |b М.  |c настоящая фамилия Пешков  |c русский писатель  |c публицист  |f 1868-1936  |g Максим  |2 stltpush  |3 (RuTPU)RU\TPU\pers\1037  |9 460 
801 0 |a RU  |b 63413507  |c 20011209  |g PSBO 
801 2 |a RU  |b 63413507  |c 20180327  |g PSBO 
942 |c BK